The fifth generation
Сохранить в:
| Главный автор: | |
|---|---|
| Формат: | |
| Язык: | Undetermined |
| Опубликовано: |
London
Addison- Wesley Publishing Company
1983
|
| Предметы: | |
| Метки: |
Добавить метку
Нет меток, Требуется 1-ая метка записи!
|
| Thư viện lưu trữ: | Trung tâm Học liệu Trường Đại học Cần Thơ |
|---|
| LEADER | 00512nam a2200193Ia 4500 | ||
|---|---|---|---|
| 001 | CTU_82954 | ||
| 008 | 210402s9999 xx 000 0 und d | ||
| 082 | |a 338.4 | ||
| 082 | |b F297 | ||
| 100 | |a Feigenbaum, Edward A. | ||
| 245 | 4 | |a The fifth generation | |
| 245 | 0 | |c Edward A. Feigenbaum | |
| 260 | |a London | ||
| 260 | |b Addison- Wesley Publishing Company | ||
| 260 | |c 1983 | ||
| 650 | |a Computer | ||
| 650 | |z Japan | ||
| 904 | |i Qhieu(sửa) | ||
| 980 | |a Trung tâm Học liệu Trường Đại học Cần Thơ | ||